Cincinnati City Trivia - Statistics

General Stats
  • This quiz has been taken 36 times
  • The average score is 13 of 20
Answer Stats
Clue Answer % Correct
River that Cincinnati is north of Ohio River
100%
NFL team based in Cincinnati Cincinnati Bengals
91%
MLB team based in Cincinnati Cincinnati Reds
91%
U.S. state the above is part of—also contains Cincinnati's largest airport Kentucky
87%
Jesuit university situated in the neighborhood of Evanston * hint: doesn't start with a common letter {Xavier} University
83%
Cincinnati earned this nickname in the 19th century due to its meat industry {Pork}opolis
78%
Most famous restaurant chain that specializes in Cincinnati chili {Skyline} Chili
78%
Cincinnati has the largest abandoned ______ system in the United States Subway
78%
Resident primate of the Cincinnati Zoo that became an internet meme after he was shot in May 2016 Harambe
74%
Arguably the most famous film director of all time, born in Cincinnati in 1946 Steven Spielberg
65%
Cincinnati is in this Ohio county Hamilton
61%
Cincinnati-style chili is typically served over this Spaghetti
61%
Nowadays, the city is more commonly known by this nickname The {Queen} City
61%
Neighborhood settled by German immigrants that features Findlay Market Over-the-{Rhine}
57%
Retail chain that is ranked 27th on the Fortune 500 Kroger
52%
City connected to Cincinnati by the John A. Roebling Suspension Bridge Covington
48%
Tabloid talk show host who was mayor of Cincinnati from 1977–1978 Jerry Springer
48%
U.S. President born in the city of Cincinnati William Howard Taft
48%
Virginia-born President who settled in the suburb of North Bend, where his equally notable grandson was born William Henry Harrison
39%
Singer and actress mentioned in the song "We Didn't Start the Fire" Doris Day
35%
No matching quizzes found
Score Distribution
Percent of People with Each Score
Percentile by Number Answered
Your Score History
You have not taken this quiz